000 01195cam a2200277 i 4500
003 SA-RiAUC
005 20250112073307.0
008 250108s1993 su g i000 0bara c
040 _aSA-JeALM
_bara
_cSA-RiAUC
_erda
082 0 4 _a239.3
090 _a239.3
_bم ط ر
100 1 _aالمطرفي، عويد بن عياد بن عايد،
_d1353 هجري-
_eمؤلف.
245 1 0 _aورقة بن نوفل في بطنان الجنة /
_cتأليف عويد بن عياد المطرفي.
250 _aالطبعة الأولى.
264 1 _aمكة المكرمة :
_bرابطة العالم الإسلامي، الأمانة العامة،
_c1993
300 _a195 صفحة ؛
_c24 سم
336 _aنص
_btxt
_2rdacontent
_3كتاب
337 _aبدون وسيط
_bn
_2rdamedia
338 _aمجلد
_bnc
_2rdacarrier
500 _aإهداء من المؤلف عويد بن عياد المطرفي بتاريخ 1414/2/7 هـ
600 0 7 _aورقة بن نوفل بن أسد،
_dتوفي حوالي 12 قبل الهجرة
_2aucnm
650 7 _aالسيرة النبوية
_2aucsh
650 7 _aتراجم
_2aucsh
942 _2ddc
_cBOOK
_n0
949 _aSA-JeALM
_d250108
_umohamedma123
_n1
999 _c4623
_d4623